[Event "African Online-ch U20-Open 2021"]
[Site "Online"]
[Date "2021.02.01"]
[Round "4.5"]
[White "Elier, Ali"]
[Black "Joao Farisse"]
[Result "1-0"]
[WhiteElo "2037"]
[BlackElo "1574"]
[Annotator "TA"]
[PlyCount "79"]
[EventDate "2021.02.01"]
[EventType "swiss"]
[EventCountry "NET"]
[SourceTitle "playchess.com"]
[Source "ChessBase"]
[SourceQuality "1"]

{[%evp 18,78,102,110,122,120,155,41,39,33,104,112,181,154,152,128,501,498,498,475,459,435,421,406,399,352,392,379,395,368,386,385,500,427,411,417,507,377,336,322,515,373,391,328,625,629,3273,2489,29986,1987,29989,29990,29992,29992,29992,29993,29993,29994,29994,29995,29998,29999,29999]} 1. e4 e5 2. Nf3 Nc6 3. Bc4 Be7 4. d4 exd4 5. c3 d6 6. Qb3 Na5 7. Bxf7+ Kf8 8. Qa4 Kxf7 9. Qxa5 dxc3 10. Nxc3 c6 {C44: Ponziani Opening and Scotch Gambit.} 11. Qa3 {[#]} Be6 $146 ({Predecessor:} 11... Qb6 12. O-O h6 13. Be3 Qc7 14. Nd4 Nf6 15. Qb3+ Ke8 16. h3 Rf8 17. Rac1 Qd8 18. Rfd1 Qb6 19. Qc2 c5 20. Nf3 Be6 21. e5 dxe5 22. Nxe5 Bf7 23. Qa4+ {1-0 (23) Milla de Marco,C (2104)-Dominguez Perez,E Mondariz 2000}) 12. Nd4 (12. O-O $16) 12... Qd7 $14 {White is slightly better.} 13. O-O Bc4 ({Black should play} 13... Nf6 $14) 14. Re1 d5 (14... Nf6 $16 {was worth a try.}) 15. Qa4 $18 b5 16. Qc2 c5 $2 {[%mdl 8192] Loses the game.} (16... dxe4 $16 {is tougher.} 17. Rxe4 (17. Qxe4 Nf6 $11) 17... Bf6) 17. Nf3 {[#] Hoping for Ne5+.} Kf8 18. b3 {[%cal Bb2b3,Bb3c4][%mdl 32]} d4 19. bxc4 dxc3 20. Qxc3 b4 21. Qc2 a5 22. Bb2 Nh6 23. Rad1 Qe6 24. Rd5 Rg8 25. Ng5 Bxg5 26. Rxg5 Rc8 27. Qd2 Nf7 28. Rd5 a4 (28... g5 $142 29. Qe3 Rg6 30. Rxc5 a4 31. Rxc8+ Qxc8) 29. Qe3 a3 30. Bc1 Qe7 $2 (30... g5 31. Rxc5 Kg7 32. Qd4+ Qf6) 31. e5 {e6 is the strong threat.} Nd8 32. e6 {Threatening mate with Qf3+.} Rc7 33. Qe4 (33. Qf3+ $142 Ke8 34. Bg5 Qxg5 35. Rxg5 g6 36. Qa8 h6 37. Rd5 Ke7 38. Rd7+ {[%mdl 64] Promotion} Rxd7 39. exd7+ Kd6 40. Re8) 33... h6 34. Bf4 {White mates.} Rc6 {[#]} 35. Rxd8+ $1 {[%mdl 576] Remove Defender, Decoy} Qxd8 36. e7+ Kf7 37. exd8=N+ Rxd8 38. Qxc6 Rd4 39. Qe6+ Kf8 40. Qe8# {Weighted Error Value: White=0.29/Black=0.99} 1-0

[Event "African Online-ch U20-Open 2021"]
[Site "Online"]
[Date "2021.02.01"]
[Round "4.6"]
[White "Pungo, Honorato"]
[Black "Borges Delgado, Gabriel Jose"]
[Result "0-1"]
[WhiteElo "1550"]
[BlackElo "2228"]
[Annotator "TA"]
[PlyCount "82"]
[EventDate "2021.02.01"]
[EventType "swiss"]
[EventCountry "NET"]
[SourceTitle "playchess.com"]
[Source "ChessBase"]
[SourceQuality "1"]

{[%evp 9,82,46,47,0,0,16,11,-3,-11,-15,-25,-25,-15,-82,-53,-54,-7,-54,-23,-151,-63,-66,-7,-114,-102,-105,-83,-158,21,-169,-163,-131,-142,-374,-325,-457,-459,-456,-455,-450,-454,-538,-504,-508,-313,-341,-53,-68,-28,-156,-132,-870,-865,-816,-836,-827,-827,-808,-806,-896,-901,-1195,-1166,-1324,-1256,-1664,-1681,-1649,-1567,-1673,-1624,-29989,-29990,-29989,-29990]} 1. e4 e5 2. Nf3 Nc6 3. Bc4 Bc5 4. c3 Qf6 5. b4 Bb6 6. Bb2 {C53: Giuoco Piano sidelines.} d6 {[#]} 7. a4 $146 ({Predecessor:} 7. b5 Na5 8. Be2 Be6 9. d4 O-O-O 10. d5 Bg4 11. c4 Ne7 12. O-O Qf4 13. Qd3 {1-0 (38) Diaz del Rosario,C (1174)-Perez Perez,M Gran Canaria 2017}) 7... a6 8. Na3 {The position is equal.} Nge7 $40 {[%mdl 128] Black is up to no good.} 9. a5 Ba7 10. Nc2 g5 {aiming for ...g4.} 11. Qe2 (11. O-O $11) 11... Ng6 12. Ne3 Nce7 13. h3 Nf4 14. Qd1 (14. Qf1 $1 $11) 14... h5 (14... Bxe3 $17 15. dxe3 Nxg2+ 16. Kf1 Nh4) 15. d4 $15 Neg6 ({Better is} 15... Bd7 $15) 16. Kd2 (16. Ng1 $11 {keeps the balance.}) 16... g4 $17 17. hxg4 hxg4 {...Rxh1 is the strong threat.} 18. Rxh8+ (18. g3 $142 Nh3 19. Nd5 $1 {[%mdl 64] Double Attack}) 18... Nxh8 $2 (18... Qxh8 $17 19. Ng5 Qh4 {[%mdl 64] Double Attack}) 19. dxe5 $2 (19. Nh2 $11 {and White is okay.}) 19... dxe5 $19 20. Ne1 Be6 21. Qa4+ $2 (21. Bxe6 $17 {keeps fighting.} Qxe6 22. Qa4+ c6 23. Qa2) 21... Bd7 22. Qd1 (22. Qb3 $142 O-O-O 23. Kc2) 22... O-O-O {Hoping for ...Ba4+.} 23. Kc1 g3 24. Qf3 gxf2 25. N1c2 Be6 26. Bf1 Bb3 27. Kb1 Bxc2+ $2 (27... Qd6 $19 {And now ...Qd2 would win.} 28. g3 {[#]} Qd2 $1) 28. Kxc2 $15 Qc6 29. g3 (29. Kb3 $1 $11) 29... Ne6 $17 {White must now prevent ...Nd4+.} 30. Nd5 $2 {[%mdl 8192]} (30. Nf5 $17 Kb8 31. Rd1) 30... Nd4+ $1 $19 {[%mdl 64] Double Attack} 31. Kb1 Nxf3 32. Ne7+ Kb8 {( -> ...Nd2+)} 33. Nxc6+ bxc6 34. Ka2 Kb7 35. Bc4 Nd2 {[%mdl 64] Double Attack} 36. Be2 Nxe4 37. g4 Ng3 38. Bc4 e4 39. Kb3 e3 40. Bxa6+ Kxa6 41. c4 e2 {Weighted Error Value: White=0.98/Black=0.38} 0-1

[Event "African Online-ch U20-Open 2021"]
[Site "Online"]
[Date "2021.02.01"]
[Round "4.7"]
[White "Khumalo, Keith"]
[Black "Elayeb, Med Yessine"]
[Result "1-0"]
[WhiteElo "2142"]
[BlackElo "1666"]
[Annotator "TA"]
[PlyCount "97"]
[EventDate "2021.02.01"]
[EventType "swiss"]
[EventCountry "NET"]
[SourceTitle "playchess.com"]
[Source "ChessBase"]
[SourceQuality "1"]

{[%evp 18,97,22,0,87,78,87,93,90,83,134,0,199,132,120,131,159,170,178,174,176,170,258,255,370,119,290,120,102,53,58,57,67,55,37,-6,0,-7,-6,-6,0,0,0,0,0,-101,-95,-120,0,0,0,0,0,0,115,121,163,162,595,593,608,608,602,598,650,640,1046,1087,880,886,889,889,851,837,881,868,1270,1188,1118,1052,974,914]} 1. d4 d5 2. c4 e6 3. Nf3 Nf6 4. g3 Be7 5. Bg2 O-O 6. O-O dxc4 7. Qc2 a6 8. a4 Bd7 9. Rd1 Bc6 10. Nc3 {10.Bg5 is the hot move.} Nbd7 {E05: Open Catalan: 5 Nf3 Be7.} (10... Bxf3 $11 11. Bxf3 Nc6) 11. e4 $1 $16 {Threatens to win with d5.} b5 12. d5 $1 {[%cal Rd5c6]} exd5 {White is better.} 13. e5 Ng4 14. Qf5 {[#]} (14. Nxd5 $16 Bxd5 15. Rxd5) 14... d4 $146 ({Predecessor:} 14... Nxf2 15. Kxf2 Nc5 16. axb5 axb5 17. Rxa8 Bxa8 18. Nxb5 Nd3+ 19. Kf1 c6 20. Nbd4 c5 {1-0 (32) Kovalyov,A (2622)-Orlov,G (2480) ICC INT 2014}) 15. Ng5 g6 16. Qxg4 Nxe5 17. Qh4 {[%csl Gg5][%cal Rh4h7]} ({Weaker is} 17. Rxd4 Nxg4 18. Rxd8 Raxd8 $11) 17... Bxg5 18. Bxg5 f6 19. Bxc6 fxg5 (19... Nxc6 {was worth a try.} 20. Bh6 Ne5) 20. Qe4 $18 Qf6 (20... Nxc6 $142 21. Qxc6 Rf6) 21. Bd5+ $2 (21. Bxa8 $18 {is the precise move to win.} dxc3 22. bxc3) 21... Kg7 $2 (21... Kh8 $16 22. Qxd4 (22. Bxa8 dxc3 23. f4 Qb6+ 24. Kh1 Ng4 $11) 22... Rad8) 22. Qxd4 (22. Bxa8 $18 {and the rest is easy.} dxc3 23. bxc3) 22... Rad8 $16 23. Qc5 Nd3 {[#]} 24. Rxd3 cxd3 25. axb5 axb5 26. Rf1 Qd6 27. Qd4+ Kh6 {Strongly threatening ...b4.} 28. h4 $132 {[%mdl 2048] Intending hxg5+ and mate. White puts up resistance} (28. Qxd3 $2 b4 $19) 28... gxh4 29. Qxh4+ Kg7 30. Qd4+ Qf6 31. Qxf6+ ({Avoid the trap} 31. Qxd3 $2 c6 $19) (31. Qc5 $11) 31... Rxf6 $17 32. Bb3 {[#]} c5 (32... Rd4 $1 $17 {[%cal Rd4b4] Hoping for ...Rb4.} 33. Nd5 Rc6) 33. Nxb5 $11 Rb6 (33... d2 $5 34. Rd1 $8 Rf3 $11) 34. Bc4 d2 35. Rd1 h6 {[#]} (35... Rdb8 $1 $11 {remains equal.}) 36. b3 $1 $16 Kf6 37. Nc3 {aiming for Nd5+.} Rbd6 (37... Ke5 {is tougher.} 38. f4+ Kf5) 38. Ne4+ $18 {[%mdl 64] Double Attack. White is clearly winning.} Ke5 39. Nxd6 Rxd6 {[%mdl 4096] Endgame KRB-KR} 40. Kf1 Rd4 41. Ke2 h5 42. Rxd2 Re4+ 43. Kf3 {Black must now prevent Rd5+.} Re1 44. Rd5+ Kf6 45. Rxc5 g5 46. Bd3 Rd1 47. Ke2 Ra1 48. Rf5+ Ke6 49. Rxg5 {Weighted Error Value: White=0.27/Black=0.74} 1-0

[Event "African Online-ch U20-Open 2021"]
[Site "Online"]
[Date "2021.02.01"]
[Round "4.8"]
[White "Junior, Domingos"]
[Black "Darius Patlo Banda"]
[Result "1-0"]
[WhiteElo "1894"]
[BlackElo "1369"]
[Annotator "NA RC"]
[PlyCount "51"]
[EventDate "2021.02.01"]
[EventType "swiss"]
[EventCountry "NET"]
[SourceTitle "playchess.com"]
[Source "ChessBase"]
[SourceQuality "1"]
[TimeControl "1500+10"]

1. e4 {[%emt 0:00:00]} e5 {[%emt 0:00:05]} 2. Nf3 {[%emt 0:00:03]} Nc6 {[%emt 0:00:05]} 3. d4 {[%emt 0:00:05]} exd4 {[%emt 0:00:08]} 4. Bc4 {[%emt 0:00:03]} Nf6 {[%emt 0:00:05]} 5. O-O {[%emt 0:00:07]} Bc5 {[%emt 0:00:29]} 6. e5 {[%emt 0:00:06]} d5 {[%emt 0:00:09]} 7. exf6 {[%emt 0:00:03]} dxc4 {[%emt 0:00:02]} 8. Re1+ {[%emt 0:00:04]} Be6 {[%emt 0:00:04]} 9. fxg7 {[%emt 0:00:03]} Rg8 {[%emt 0:00:05]} 10. Bg5 {[%emt 0:00:05]} Qd5 {[%emt 0:00:12]} 11. Nc3 {[%emt 0:00:04]} Qf5 {[%emt 0:00:17]} 12. Ne4 {[%emt 0:00:04]} Rxg7 {[%emt 0:00:26]} 13. Nh4 {[%emt 0:00:21]} Qd5 {[%emt 0:00:32]} 14. Nf6+ {[%emt 0:00:04]} Kf8 {[%emt 0:00:24]} 15. Nxd5 {[%emt 0:00:03]} Bxd5 {[%emt 0:00:05]} 16. Bh6 {[%emt 0:00:03]} Kg8 {[%emt 0:05:22]} 17. Bxg7 {[%emt 0:00:04]} Kxg7 {[%emt 0:00:09]} 18. Qg4+ {[%emt 0:00:20]} Kf8 {[%emt 0:02:53]} 19. Nf5 {[%emt 0:00:06]} Be6 {[%emt 0:03:50]} 20. Qg7+ {[%emt 0:00:04]} Ke8 {[%emt 0:04:01]} 21. Qg8+ {[%emt 0:00:05]} Bf8 {[%emt 0:03:22]} 22. Ng7+ {[%emt 0:00:06]} Ke7 {[%emt 0:01:11]} 23. Rxe6+ {[%emt 0:00:04]} Kd7 {[%emt 0:00:40]} 24. Qxf7+ {[%emt 0:00:05]} Be7 {[%emt 0:00:41]} 25. Rxe7+ {[%emt 0:00:03]} Nxe7 {[%emt 0:00:05]} 26. Re1 {[%emt 0:00:05]} 1-0

[Event "African Online-ch U20-Open 2021"]
[Site "Online"]
[Date "2021.02.01"]
[Round "4.9"]
[White "Soojay, Jorah"]
[Black "Bidi, Abdeljalil"]
[Result "0-1"]
[WhiteElo "1478"]
[BlackElo "1750"]
[Annotator "NA RC"]
[PlyCount "116"]
[EventDate "2021.02.01"]
[EventType "swiss"]
[EventCountry "NET"]
[SourceTitle "playchess.com"]
[Source "ChessBase"]
[SourceQuality "1"]
[TimeControl "1500+10"]

1. e4 {[%emt 0:00:00]} e5 {[%emt 0:00:11]} 2. Nf3 {[%emt 0:00:05]} Nc6 {[%emt 0:00:03]} 3. Bc4 {[%emt 0:00:04]} Bc5 {[%emt 0:00:03]} 4. b4 {[%emt 0:00:02]} Bxb4 {[%emt 0:00:02]} 5. c3 {[%emt 0:00:07]} Ba5 {[%emt 0:00:01]} 6. d4 {[%emt 0:00:03]} exd4 {[%emt 0:00:02]} 7. O-O {[%emt 0:01:13]} Nf6 {[%emt 0:00:03]} 8. cxd4 {[%emt 0:00:05]} d5 {[%emt 0:00:43]} 9. exd5 {[%emt 0:00:13]} Nxd5 {[%emt 0:00:02]} 10. Bg5 {[%emt 0:00:42]} Qd6 {[%emt 0:00:08]} 11. Ne5 {[%emt 0:02:19]} O-O {[%emt 0:01:15]} 12. Nxc6 {[%emt 0:03:23]} Qxc6 {[%emt 0:00:15]} 13. Bb3 {[%emt 0:03:39]} h6 {[%emt 0:00:11]} 14. Bd2 {[%emt 0:01:42]} Bxd2 {[%emt 0:00:25]} 15. Qxd2 {[%emt 0:01:34]} Nf6 {[%emt 0:00:24]} 16. Nc3 {[%emt 0:00:33]} Bf5 {[%emt 0:01:52]} 17. Rfe1 {[%emt 0:00:31]} Rad8 {[%emt 0:00:41]} 18. Rac1 {[%emt 0:01:12]} Qd7 {[%emt 0:00:12]} 19. Qf4 {[%emt 0:00:20]} c6 {[%emt 0:00:12]} 20. Rcd1 {[%emt 0:00:47]} Nh5 {[%emt 0:00:59]} 21. Qh4 {[%emt 0:00:17]} Nf6 {[%emt 0:00:27]} 22. f3 {[%emt 0:00:49]} Rfe8 {[%emt 0:00:40]} 23. Ne4 {[%emt 0:00:46]} Nxe4 {[%emt 0:02:24]} 24. fxe4 {[%emt 0:01:06]} Bg6 {[%emt 0:00:09]} 25. Qg3 {[%emt 0:00:06]} Bxe4 {[%emt 0:00:18]} 26. Rf1 {[%emt 0:00:09]} Bd5 {[%emt 0:00:05]} 27. Qf4 {[%emt 0:00:25]} Bxb3 {[%emt 0:00:07]} 28. axb3 {[%emt 0:00:10]} Qd5 {[%emt 0:00:01]} 29. Rd3 {[%emt 0:00:11]} Re4 {[%emt 0:00:14]} 30. Qf3 {[%emt 0:00:32]} Rxd4 {[%emt 0:00:06]} 31. Rxd4 {[%emt 0:00:08]} Qxd4+ {[%emt 0:00:02]} 32. Kh1 {[%emt 0:00:03]} Qd5 {[%emt 0:00:02]} 33. Qc3 {[%emt 0:00:15]} Qd3 {[%emt 0:00:12]} 34. Qe1 {[%emt 0:00:46]} Qxb3 {[%emt 0:00:54]} 35. Qe7 {[%emt 0:00:06]} Rd1 {[%emt 0:00:25]} 36. Qe8+ {[%emt 0:00:15]} Kh7 {[%emt 0:00:04]} 37. Qe4+ {[%emt 0:00:04]} g6 {[%emt 0:00:03]} 38. Qe2 {[%emt 0:01:42]} Rxf1+ {[%emt 0:00:04]} 39. Qxf1 {[%emt 0:00:03]} a5 {[%emt 0:00:02]} 40. h3 {[%emt 0:00:08]} a4 {[%emt 0:00:02]} 41. h4 {[%emt 0:00:21]} a3 {[%emt 0:00:04]} 42. h5 {[%emt 0:00:04]} a2 {[%emt 0:00:11]} 43. hxg6+ {[%emt 0:00:07]} fxg6 {[%emt 0:00:02]} 44. Qf6 {[%emt 0:00:06]} Qd1+ {[%emt 0:00:32]} 45. Kh2 {[%emt 0:00:06]} a1=Q {[%emt 0:00:03]} 46. Qf7+ {[%emt 0:00:10]} Qg7 {[%emt 0:00:03]} 47. Qf4 {[%emt 0:00:13]} Qh5+ {[%emt 0:00:08]} 48. Kg3 {[%emt 0:00:09]} Qg5+ {[%emt 0:00:07]} 49. Qxg5 {[%emt 0:00:07]} hxg5 {[%emt 0:00:02]} 50. Kg4 {[%emt 0:00:04]} Kh6 {[%emt 0:00:02]} 51. g3 {[%emt 0:00:03]} b5 {[%emt 0:00:02]} 52. Kh3 {[%emt 0:00:04]} b4 {[%emt 0:00:01]} 53. Kg4 {[%emt 0:00:02]} b3 {[%emt 0:00:02]} 54. Kh3 {[%emt 0:00:01]} b2 {[%emt 0:00:01]} 55. Kg4 {[%emt 0:00:01]} b1=Q {[%emt 0:00:03]} 56. Kh3 {[%emt 0:00:01]} Qd7+ {[%emt 0:00:03]} 57. g4 {[%emt 0:00:06]} Qdd3+ {[%emt 0:00:04]} 58. Kh2 {[%emt 0:00:03]} Qbc2+ {[%emt 0:00:02]} 0-1

[Event "African Online-ch U20-Open 2021"]
[Site "Online"]
[Date "2021.02.01"]
[Round "4.10"]
[White "Mcligeyo, Robert"]
[Black "Celso Andre Manjate"]
[Result "0-1"]
[WhiteElo "1688"]
[BlackElo "1721"]
[Annotator "NA RC"]
[PlyCount "198"]
[EventDate "2021.02.01"]
[EventType "swiss"]
[EventCountry "NET"]
[SourceTitle "playchess.com"]
[Source "ChessBase"]
[SourceQuality "1"]
[TimeControl "1500+10"]

1. c4 {[%emt 0:00:00]} Nf6 {[%emt 0:00:05]} 2. Nf3 {[%emt 0:00:06]} g6 {[%emt 0:00:03]} 3. g3 {[%emt 0:00:04]} Bg7 {[%emt 0:00:03]} 4. Bg2 {[%emt 0:00:03]} O-O {[%emt 0:00:02]} 5. O-O {[%emt 0:00:02]} d6 {[%emt 0:00:05]} 6. Nc3 {[%emt 0:00:05]} e5 {[%emt 0:00:24]} 7. d3 {[%emt 0:00:03]} Nc6 {[%emt 0:00:05]} 8. Bg5 {[%emt 0:00:06]} h6 {[%emt 0:00:02]} 9. Bd2 {[%emt 0:00:03]} Nh5 {[%emt 0:01:15]} 10. Nh4 {[%emt 0:01:18]} g5 {[%emt 0:00:48]} 11. e3 {[%emt 0:01:14]} Nxg3 {[%emt 0:03:45]} 12. fxg3 {[%emt 0:00:30]} gxh4 {[%emt 0:00:04]} 13. Nd5 {[%emt 0:00:18]} hxg3 {[%emt 0:04:35]} 14. hxg3 {[%emt 0:00:05]} f5 {[%emt 0:00:04]} 15. Qh5 {[%emt 0:00:30]} Ne7 {[%emt 0:01:52]} 16. e4 {[%emt 0:01:58]} Nxd5 {[%emt 0:06:15]} 17. cxd5 {[%emt 0:00:05]} f4 {[%emt 0:03:40]} 18. gxf4 {[%emt 0:00:05]} exf4 {[%emt 0:00:03]} 19. Bxf4 {[%emt 0:00:05]} Kh7 {[%emt 0:00:05]} 20. Be3 {[%emt 0:01:15]} Bd7 {[%emt 0:00:11]} 21. Rxf8 {[%emt 0:00:08]} Qxf8 {[%emt 0:00:03]} 22. Rf1 {[%emt 0:00:03]} Qe8 {[%emt 0:00:09]} 23. Qf7 {[%emt 0:02:53]} Kh8 {[%emt 0:01:08]} 24. Qf4 {[%emt 0:02:51]} Qg6 {[%emt 0:00:27]} 25. Qf7 {[%emt 0:00:23]} Qg4 {[%emt 0:01:04]} 26. Qf4 {[%emt 0:02:04]} Qe2 {[%emt 0:01:20]} 27. Qg3 {[%emt 0:03:06]} Rg8 {[%emt 0:00:41]} 28. Qf3 {[%emt 0:03:00]} Qxb2 {[%emt 0:00:42]} 29. Qh5 {[%emt 0:00:40]} Be8 {[%emt 0:00:16]} 30. Qh4 {[%emt 0:00:42]} Kh7 {[%emt 0:00:12]} 31. Kh1 {[%emt 0:00:50]} Qe2 {[%emt 0:00:19]} 32. Bc1 {[%emt 0:00:45]} Qxd3 {[%emt 0:00:04]} 33. Bh3 {[%emt 0:00:33]} Bd7 {[%emt 0:00:10]} 34. Rg1 {[%emt 0:00:54]} Qf3+ {[%emt 0:00:04]} 35. Bg2 {[%emt 0:00:06]} Qe2 {[%emt 0:00:26]} 36. Qe7 {[%emt 0:00:36]} Bg4 {[%emt 0:00:08]} 37. Qxc7 {[%emt 0:01:04]} Bf3 {[%emt 0:00:03]} 38. Qf7 {[%emt 0:00:18]} Bh5 {[%emt 0:00:15]} 39. Qf5+ {[%emt 0:00:10]} Bg6 {[%emt 0:00:03]} 40. Qf3 {[%emt 0:00:10]} Qxa2 {[%emt 0:00:18]} 41. Bh3 {[%emt 0:00:08]} Rf8 {[%emt 0:00:13]} 42. Qg2 {[%emt 0:00:26]} Qxg2+ {[%emt 0:00:07]} 43. Bxg2 {[%emt 0:00:03]} Bd4 {[%emt 0:00:05]} 44. Rd1 {[%emt 0:00:06]} Bc5 {[%emt 0:00:03]} 45. Bb2 {[%emt 0:00:08]} Rf2 {[%emt 0:00:06]} 46. Ba1 {[%emt 0:00:13]} b5 {[%emt 0:00:07]} 47. e5 {[%emt 0:00:03]} dxe5 {[%emt 0:00:02]} 48. Bxe5 {[%emt 0:00:12]} Bb6 {[%emt 0:00:05]} 49. d6 {[%emt 0:00:04]} Bd8 {[%emt 0:00:03]} 50. Bd4 {[%emt 0:00:07]} Ra2 {[%emt 0:00:04]} 51. Bd5 {[%emt 0:00:10]} Ra6 {[%emt 0:00:03]} 52. Bc5 {[%emt 0:00:18]} Ra4 {[%emt 0:00:20]} 53. Bc6 {[%emt 0:00:07]} Rh4+ {[%emt 0:00:10]} 54. Kg2 {[%emt 0:00:05]} b4 {[%emt 0:00:21]} 55. Bxa7 {[%emt 0:00:07]} b3 {[%emt 0:00:05]} 56. Bd4 {[%emt 0:00:06]} Bc2 {[%emt 0:00:23]} 57. Rd2 {[%emt 0:00:16]} Rxd4 {[%emt 0:00:25]} 58. Rxd4 {[%emt 0:00:42]} b2 {[%emt 0:00:04]} 59. Rb4 {[%emt 0:00:24]} b1=Q {[%emt 0:00:06]} 60. Rxb1 {[%emt 0:00:02]} Bxb1 {[%emt 0:00:01]} 61. Kf3 {[%emt 0:00:10]} Kg7 {[%emt 0:00:07]} 62. Kg4 {[%emt 0:00:05]} Bg5 {[%emt 0:00:03]} 63. d7 {[%emt 0:00:06]} Kf7 {[%emt 0:00:05]} 64. Kf3 {[%emt 0:00:27]} Ke7 {[%emt 0:00:09]} 65. Be4 {[%emt 0:00:03]} Ba2 {[%emt 0:00:03]} 66. Bf5 {[%emt 0:00:05]} Bd5+ {[%emt 0:00:07]} 67. Kg4 {[%emt 0:00:04]} Bc4 {[%emt 0:00:12]} 68. Kh5 {[%emt 0:00:12]} Kf7 {[%emt 0:00:09]} 69. Bg6+ {[%emt 0:00:08]} Kg7 {[%emt 0:00:03]} 70. Bf5 {[%emt 0:00:03]} Bb5 {[%emt 0:00:42]} 71. Be6 {[%emt 0:00:17]} Ba4 {[%emt 0:00:07]} 72. Bf5 {[%emt 0:00:05]} Bb3 {[%emt 0:00:03]} 73. Bh3 {[%emt 0:00:49]} Bc4 {[%emt 0:00:07]} 74. Bf5 {[%emt 0:00:05]} Bb3 {[%emt 0:00:04]} 75. Bh3 {[%emt 0:00:03]} Bf7+ {[%emt 0:00:02]} 76. Kg4 {[%emt 0:00:04]} Kg6 {[%emt 0:00:09]} 77. Kf3 {[%emt 0:00:12]} Bd5+ {[%emt 0:00:03]} 78. Kg3 {[%emt 0:00:07]} Bc6 {[%emt 0:00:05]} 79. Be6 {[%emt 0:00:08]} Bd8 {[%emt 0:00:09]} 80. Kg4 {[%emt 0:00:07]} Ba4 {[%emt 0:00:06]} 81. Kh3 {[%emt 0:00:06]} Kg5 {[%emt 0:00:03]} 82. Kg3 {[%emt 0:00:09]} Bc7+ {[%emt 0:00:03]} 83. Kh3 {[%emt 0:00:05]} Bc6 {[%emt 0:00:12]} 84. Bg4 {[%emt 0:00:35]} Bd5 {[%emt 0:00:07]} 85. Be2 {[%emt 0:00:34]} Be6+ {[%emt 0:00:08]} 86. Kg2 {[%emt 0:00:04]} Bxd7 {[%emt 0:00:02]} 87. Bf3 {[%emt 0:00:03]} h5 {[%emt 0:00:10]} 88. Be4 {[%emt 0:00:05]} h4 {[%emt 0:00:03]} 89. Bf3 {[%emt 0:00:06]} Kf4 {[%emt 0:00:04]} 90. Bb7 {[%emt 0:00:06]} Ke3 {[%emt 0:00:04]} 91. Ba8 {[%emt 0:00:08]} Bg4 {[%emt 0:00:04]} 92. Bb7 {[%emt 0:00:06]} Ke2 {[%emt 0:00:02]} 93. Bc6 {[%emt 0:00:04]} Ke1 {[%emt 0:00:04]} 94. Bb7 {[%emt 0:00:12]} Be2 {[%emt 0:00:03]} 95. Bd5 {[%emt 0:00:20]} Bf1+ {[%emt 0:00:02]} 96. Kh1 {[%emt 0:00:05]} Kf2 {[%emt 0:00:17]} 97. Bc6 {[%emt 0:01:07]} h3 {[%emt 0:00:10]} 98. Be4 {[%emt 0:00:10]} Bg2+ {[%emt 0:00:03]} 99. Bxg2 {[%emt 0:00:06]} hxg2# {[%emt 0:00:01]} 0-1